000 01387nam a2200361 c 4500
999 _c115250
_d115250
003 BLK
005 20240927132243.0
008 180409b bul|||||r ||||||| ||bul||
010 _aKNG00120727000
040 _aBLK
041 _aDEU
_cDEU
080 _aПриложно изкуство. Художествени занаяти. Интериор. Дизайн. Играчки. Худож. пространствено оформление
_b745/749
_z745/749
100 1 _aBachmann, Manfred
_eпърви автор
_9314014
139 _aBachmann, Manfred et al.
_bБ 30
_fВ 12
_gБ 30 М
245 1 0 _aDas grosse Pupenbuch
_cManfred Bachmann; съавт. Claus Hansmann.
250 _a4. Aufl.
257 _aDEU
260 _bLeipzig
_c1978
300 _a205 с.
_bс ил.
_c27 см
380 _a7
650 4 _aПриложно и декоративно изкуство
_9248151
653 _aприложни изкуства
653 _aкукли
700 1 _aHansmann, Claus
_eсъавт.
_912357
700 _aБахман, Манфред
_9408361
852 _aЦб ІІ 5856
856 4 _qpdf
856 4 _qpdf
942 _cKNG
_n0
_s1
_01
944 _aCR
_c11.01.2011
_lРусанова Ирена
_k30542
944 _aED
_c10.09.2015
_lдобави в АБ / 10.01.2011
_kИрена_Линкова
999 _d115250